[Event "Mittelfranken EM 2022"]
[Site "Nuernberg"]
[Date "2022.04.14"]
[Round "1.1"]
[White "Bruss, Robert"]
[Black "Yelisieiev, Yevhenii"]
[Result "0-1"]
[WhiteElo "1825"]
[BlackElo "2408"]
[PlyCount "82"]
[EventDate "2021.??.??"]
[WhiteTeam "SG Fuerth"]
[BlackTeam "SC NT Nuernberg"]

1. d4 d5 2. c4 e6 3. Nc3 Bb4 4. Bf4 Nf6 5. e3 O-O 6. Qb3 c5 7. dxc5 Qa5 8. Bd3
Na6 9. Bd6 Nxc5 10. Bxc5 Bxc5 11. Nge2 b6 12. O-O Bb7 13. cxd5 Nxd5 14. Be4
Nxc3 15. Nxc3 Bxe4 16. Nxe4 Be7 17. Rfd1 Rfd8 18. Qc3 Qxa2 19. h3 Rxd1+ 20.
Rxd1 Qa4 21. Rd4 Qb5 22. Qc7 Bc5 23. Rd7 Qxb2 24. Rxf7 Bf8 25. Rf4 Kh8 26. Ng5
Qb1+ 27. Kh2 Qg6 28. Rg4 Qf6 29. Qc2 g6 30. Qc7 Qe7 31. Qf4 Kg8 32. e4 Bg7 33.
e5 a5 34. Qg3 a4 35. Rh4 h6 36. Ne4 g5 37. Rg4 a3 38. f4 a2 39. fxg5 a1=Q 40.
Nf6+ Kh8 41. gxh6 Bxf6 0-1

[Event "Mittelfranken EM 2022"]
[Site "Nuernberg"]
[Date "2022.04.14"]
[Round "1.2"]
[White "Wagner, Florian"]
[Black "Suess, Helmut"]
[Result "1-0"]
[WhiteElo "2208"]
[BlackElo "1815"]
[PlyCount "49"]
[EventDate "2021.??.??"]
[WhiteTeam "SC NT Nuernberg"]
[BlackTeam "SC NT Nuernberg"]

1. e4 c6 2. d4 d5 3. f3 e6 4. Nc3 Nf6 5. Bf4 Be7 6. Qd3 Na6 7. O-O-O b5 8. Kb1
Nb4 9. Qe3 a5 10. Nge2 Na6 11. g4 Nc7 12. Ng3 dxe4 13. fxe4 Nxg4 14. Qf3 Nf6
15. Rg1 a4 16. Nh5 Nxh5 17. Qxh5 b4 18. Rxg7 Rf8 19. d5 exd5 20. exd5 Nxd5 21.
Nxd5 cxd5 22. Bb5+ Bd7 23. Rxd5 Ra7 24. Rg1 Qb6 25. Rxd7 1-0

[Event "Mittelfranken EM 2022"]
[Site "Nuernberg"]
[Date "2022.04.14"]
[Round "1.3"]
[White "Dyroff, Roland"]
[Black "Ammon, Tobias"]
[Result "0-1"]
[WhiteElo "1802"]
[BlackElo "2196"]
[PlyCount "58"]
[EventDate "2021.??.??"]
[WhiteTeam "SW Nuernberg Sued"]
[BlackTeam "SV Altensittenbach"]

1. e4 c6 2. d4 d5 3. exd5 cxd5 4. c4 Nf6 5. Nc3 Nc6 6. Nf3 Bg4 7. Be3 e6 8. Be2
Bb4 9. O-O dxc4 10. Ne5 Bxe2 11. Qxe2 Rc8 12. Rfd1 Bxc3 13. bxc3 Nxe5 14. dxe5
Nd5 15. Qg4 g6 16. Bg5 Qa5 17. Rd4 h5 18. Qh3 Qxc3 19. Qxc3 Nxc3 20. Kf1 b5 21.
Bd2 Nd5 22. Rc1 c3 23. Ke2 O-O 24. Rxd5 exd5 25. Rxc3 Rxc3 26. Bxc3 Rc8 27. Kd3
Rc4 28. a3 Kf8 29. Bd4 a5 0-1

[Event "Mittelfranken EM 2022"]
[Site "Nuernberg"]
[Date "2022.04.14"]
[Round "1.4"]
[White "Willim, Michael"]
[Black "Wettermann, Bernd"]
[Result "1-0"]
[WhiteElo "2106"]
[BlackElo "1781"]
[PlyCount "39"]
[EventDate "2021.??.??"]
[WhiteTeam "SC Erlangen"]
[BlackTeam "Zabo-Eintr Nuernberg"]

1. c4 Nf6 2. Nc3 c5 3. g3 g6 4. Bg2 Bg7 5. a3 Nc6 6. Rb1 O-O 7. b4 d6 8. d3 Ng4
9. Bd2 f5 10. Nh3 Rb8 11. bxc5 dxc5 12. Bxc6 f4 13. Bg2 Bd4 14. gxf4 e5 15. e3
Nxe3 16. fxe3 Qh4+ 17. Nf2 Rxf4 18. O-O Bg4 19. Nxg4 Rxg4 20. exd4 1-0

[Event "Mittelfranken EM 2022"]
[Site "Nuernberg"]
[Date "2022.04.14"]
[Round "1.5"]
[White "Blumenthal, Benjamin"]
[Black "Seibold, Hubert"]
[Result "1-0"]
[WhiteElo "1753"]
[BlackElo "2099"]
[PlyCount "67"]
[EventDate "2021.??.??"]
[WhiteTeam "SC NT Nuernberg"]
[BlackTeam "SK Zirndorf"]

1. c4 Nf6 2. Nc3 c5 3. e4 Nc6 4. d3 g6 5. Be3 d6 6. h3 Bg7 7. Qd2 Nd4 8. Be2
Qa5 9. Rb1 a6 10. Nf3 e5 11. O-O b5 12. b4 cxb4 13. Bxd4 exd4 14. Nd5 bxc4 15.
Nxf6+ Bxf6 16. dxc4 Rb8 17. Nxd4 Qb6 18. Rfd1 O-O 19. Kf1 Re8 20. f3 Bd7 21.
Nb3 Be6 22. Qxd6 Qa7 23. Qc5 Qxc5 24. Nxc5 a5 25. Nd7 Bxd7 26. Rxd7 a4 27. Bd1
b3 28. axb3 a3 29. Rd2 Red8 30. Ra2 Bb2 31. Ke2 Rxd1 32. Kxd1 Rxb3 33. Raxb2
axb2 34. Kc2 1-0

[Event "Mittelfranken EM 2022"]
[Site "Nuernberg"]
[Date "2022.04.14"]
[Round "1.6"]
[White "Redzepovic, Irfan"]
[Black "Balhar, Michael"]
[Result "1-0"]
[WhiteElo "2079"]
[BlackElo "1736"]
[Annotator "maria&dimi"]
[PlyCount "55"]
[EventDate "2021.??.??"]
[WhiteTeam "SW Nuernberg Sued"]
[BlackTeam "SC Erlangen"]

{[%evp 0,55,31,31,27,27,27,-17,37,6,13,-34,-37,-28,10,3,432,436,592,592,592,
592,592,600,598,541,527,496,436,245,236,270,265,106,106,96,104,104,104,92,102,
87,128,128,133,124,160,153,166,163,205,192,250,256,373,373,501,493]} 1. d4 Nf6
2. Nf3 d5 3. c4 dxc4 4. Nc3 a6 5. a4 Nc6 6. e4 Na5 7. Ne5 Nb3 8. Bxc4 Be6 9.
Bxe6 fxe6 10. Qxb3 Qc8 11. O-O g6 12. f4 Bg7 13. f5 c5 14. Qxe6 Qxe6 15. fxe6
cxd4 16. Nd5 Nxd5 17. Nf7 Nc7 18. Nxh8 Bxh8 19. Rf7 Nxe6 20. Rxh7 Kd7 21. Bd2
Rf8 22. Bb4 Bg7 23. Rf1 Rxf1+ 24. Kxf1 Bf8 25. e5 Ng7 26. Rh6 Ke6 27. Rxg6+
Kxe5 28. Bxe7 1-0

[Event "Mittelfranken EM 2022"]
[Site "Nuernberg"]
[Date "2022.04.14"]
[Round "1.7"]
[White "Weissmann, Peter"]
[Black "Kocak, Ediz"]
[Result "0-1"]
[WhiteElo "1707"]
[BlackElo "2053"]
[PlyCount "78"]
[EventDate "2021.??.??"]
[WhiteTeam "SG Fuerth"]
[BlackTeam "SG Fuerth"]

1. e4 c6 2. d4 d5 3. e5 Bf5 4. Ne2 e6 5. Ng3 Bg6 6. Bd3 c5 7. c3 Qb6 8. Bxg6
hxg6 9. Qb3 Nd7 10. Qxb6 Nxb6 11. O-O Ne7 12. Be3 Nc6 13. Nd2 Be7 14. f4 Rc8
15. Rfc1 cxd4 16. Bxd4 Na4 17. Rab1 O-O 18. Ne2 Rc7 19. Bf2 Rfc8 20. b3 Nc5 21.
b4 Nd3 22. Rd1 g5 23. g3 gxf4 24. gxf4 g5 25. Nf3 Nxf4 26. Nxf4 gxf4 27. Kh1 f6
28. Rg1+ Kf7 29. Rg4 Nxe5 30. Nxe5+ fxe5 31. Rbg1 Bf6 32. Bh4 Rxc3 33. Bxf6
Kxf6 34. Rg6+ Ke7 35. Rg7+ Kd6 36. Rxb7 f3 37. Rxa7 Rc1 38. Rf7 e4 39. h4 R1c2
0-1

[Event "Mittelfranken EM 2022"]
[Site "Nuernberg"]
[Date "2022.04.14"]
[Round "1.8"]
[White "Wenke, Oldrich"]
[Black "Cordts, Elof"]
[Result "1-0"]
[WhiteElo "2048"]
[BlackElo "1681"]
[PlyCount "101"]
[EventDate "2021.??.??"]
[WhiteTeam "SG Buechenbach/Roth"]
[BlackTeam "SC Erlangen"]

1. e4 c5 2. d4 cxd4 3. c3 dxc3 4. Nxc3 Nc6 5. Nf3 d6 6. Bc4 e6 7. O-O Be7 8.
Qe2 a6 9. a4 Nf6 10. Rd1 Qc7 11. Bf4 Nh5 12. Be3 Nf6 13. Rac1 O-O 14. Bd3 Qb8
15. Bb1 b5 16. axb5 axb5 17. Qxb5 Ne5 18. Nd4 Ba6 19. Qxb8 Raxb8 20. b3 Bb7 21.
h3 d5 22. exd5 Nxd5 23. Nxd5 Bxd5 24. Bc2 Rbc8 25. Bf4 Bd6 26. Bg3 f6 27. Nxe6
Ba3 28. Bxh7+ Kxh7 29. Rxc8 Rxc8 30. Rxd5 Rb8 31. Bxe5 fxe5 32. Rd7 Rxb3 33.
Nxg7 Rb6 34. Nf5+ Kg6 35. g4 Kg5 36. Kg2 Rb2 37. Ng3 Rb4 38. Rd5 Bb2 39. Ne2
Kh4 40. Ng1 Kg5 41. Ne2 Re4 42. f4+ Kf6 43. Kf3 Rb4 44. fxe5+ Ke6 45. Rd3 Kxe5
46. Re3+ Kf6 47. Nf4 Kg5 48. Nd3 Rb7 49. Kg3 Ba3 50. h4+ Kg6 51. Nf4+ 1-0

[Event "Mittelfranken EM 2022"]
[Site "Nuernberg"]
[Date "2022.04.14"]
[Round "1.9"]
[White "Albayrak, Atilla"]
[Black "Erlbeck, Peter"]
[Result "0-1"]
[WhiteElo "1673"]
[BlackElo "2034"]
[PlyCount "34"]
[EventDate "2021.??.??"]
[WhiteTeam "SC NT Nuernberg"]
[BlackTeam "SW Nuernberg Sued"]

1. e4 c5 2. Nf3 Nc6 3. d4 cxd4 4. Nxd4 Nf6 5. Nc3 e6 6. f3 Bb4 7. Nxc6 bxc6 8.
Bd2 d5 9. Bd3 O-O 10. Qe2 c5 11. exd5 exd5 12. O-O-O c4 13. Bxc4 dxc4 14. Qxc4
Qa5 15. Nb1 Bxd2+ 16. Nxd2 Be6 17. Nb3 Qxa2 0-1

[Event "Mittelfranken EM 2022"]
[Site "Nuernberg"]
[Date "2022.04.14"]
[Round "1.10"]
[White "Albert, Markus"]
[Black "Dajakaj, Kastriot"]
[Result "1-0"]
[WhiteElo "2007"]
[BlackElo "1656"]
[PlyCount "37"]
[EventDate "2021.??.??"]
[WhiteTeam "SC Ansbach"]
[BlackTeam "SG Buechenbach/Roth"]

1. Nc3 e5 2. e4 Nf6 3. f4 d6 4. Nf3 Nbd7 5. Bc4 Be7 6. O-O O-O 7. d3 c6 8. Kh1
Qb6 9. Nh4 Nxe4 10. Nf5 Nxc3 11. Nxe7+ Kh8 12. bxc3 d5 13. Bb3 Qc5 14. Nxc8
Raxc8 15. Bb2 f5 16. fxe5 f4 17. d4 Qe7 18. Qg4 g5 19. c4 1-0

[Event "Mittelfranken EM 2022"]
[Site "Nuernberg"]
[Date "2022.04.14"]
[Round "1.11"]
[White "Albayrak, Aylin"]
[Black "Zeltner, Ottmar"]
[Result "0-1"]
[WhiteElo "1648"]
[BlackElo "1983"]
[PlyCount "42"]
[EventDate "2021.??.??"]
[WhiteTeam "SC NT Nuernberg"]
[BlackTeam "SK Rothenburg"]

1. d4 g6 2. c4 Bg7 3. Nc3 d6 4. e4 Nc6 5. Nf3 e5 6. d5 Nce7 7. Be2 f5 8. b4 Nf6
9. Bb2 O-O 10. Nd2 fxe4 11. Ncxe4 Nxe4 12. Nxe4 Nf5 13. O-O Qh4 14. Bd3 Nd4 15.
Bc1 Rf5 16. Ng3 Rf7 17. Be3 Nf5 18. Nxf5 gxf5 19. Rc1 f4 20. Bd2 f3 21. Be3 Qg4
0-1

[Event "Mittelfranken EM 2022"]
[Site "Nuernberg"]
[Date "2022.04.14"]
[Round "1.12"]
[White "Hrebenshchykova, Yelyzaveta"]
[Black "Schalaev, Seryozka"]
[Result "1-0"]
[WhiteElo "1973"]
[BlackElo "1599"]
[PlyCount "59"]
[EventDate "2021.??.??"]
[WhiteTeam "SC NT Nuernberg"]
[BlackTeam "SC JAEKLECHEMIE"]

1. e4 e6 2. d4 d5 3. Nc3 Nf6 4. Bg5 Be7 5. e5 Nfd7 6. Bxe7 Qxe7 7. f4 a6 8. Nf3
c5 9. Qd2 Nc6 10. O-O-O c4 11. f5 b5 12. g4 Nb6 13. Qf4 Qc7 14. Qg5 Rg8 15. Qh5
b4 16. Ne2 Na4 17. Nf4 g6 18. Qxh7 Ne7 19. Ng5 Rf8 20. fxg6 Qb6 21. gxf7+ Kd8
22. Qg7 Rxf7 23. Qxf7 Nxb2 24. Ngxe6+ Bxe6 25. Nxe6+ Kd7 26. Nc5+ Kc8 27. Qe8+
Qd8 28. Qxd8+ Kxd8 29. Kxb2 c3+ 30. Kb1 1-0

[Event "Mittelfranken EM 2022"]
[Site "Nuernberg"]
[Date "2022.04.14"]
[Round "1.13"]
[White "Mishra, Sanyukt"]
[Black "Mueller, Christian"]
[Result "0-1"]
[WhiteElo "1539"]
[BlackElo "1948"]
[PlyCount "84"]
[EventDate "2021.??.??"]
[WhiteTeam "SC NT Nuernberg"]
[BlackTeam "SW Nuernberg Sued"]

1. e4 c5 2. Nc3 e6 3. f4 Nc6 4. Nf3 g6 5. Bb5 Nge7 6. O-O Bg7 7. Qe1 O-O 8. d3
d5 9. e5 Nf5 10. Bxc6 bxc6 11. g4 Nd4 12. Qf2 Nxf3+ 13. Qxf3 f6 14. exf6 Bxf6
15. Qg3 a5 16. Bd2 a4 17. a3 c4 18. dxc4 Ba6 19. Rae1 Bxc4 20. Rf2 Bh4 21. Qe3
Bxf2+ 22. Kxf2 d4 23. Qe5 Ra5 24. Qe4 Qh4+ 25. Kf3 Qh3+ 26. Kf2 Qxh2+ 27. Kf3
Qxd2 28. Nb1 Qh2 29. Qxd4 Bd5+ 30. Ke3 Qg3+ 31. Kd2 Qxf4+ 32. Kd3 Qxd4+ 33.
Kxd4 Rf4+ 34. Ke5 Rxg4 35. Nc3 h5 36. Kf6 Kh7 37. Nxd5 Rxd5 38. Rxe6 Rf4+ 39.
Ke7 c5 40. c4 Rxc4 41. Kf7 Rf4+ 42. Ke8 Kh6 0-1

[Event "Mittelfranken EM 2022"]
[Site "Nuernberg"]
[Date "2022.04.14"]
[Round "1.14"]
[White "Vennemann, Juergen"]
[Black "Mankus, Siegfried"]
[Result "1-0"]
[WhiteElo "1897"]
[BlackElo "1536"]
[PlyCount "81"]
[EventDate "2021.??.??"]
[WhiteTeam "SC Hersbruck"]
[BlackTeam "Zabo-Eintr Nuernberg"]

1. e4 e6 2. Nf3 d5 3. d3 dxe4 4. dxe4 Qxd1+ 5. Kxd1 Bc5 6. Be3 Bxe3 7. fxe3 Nc6
8. c3 Nge7 9. Nbd2 O-O 10. Kc2 b6 11. b4 a6 12. Nd4 e5 13. N4b3 Na7 14. a4 Bb7
15. Bd3 Rfc8 16. Rhf1 f6 17. g4 h6 18. h4 c5 19. bxc5 bxc5 20. Na5 Rab8 21.
Nxb7 Rxb7 22. Bxa6 Rcb8 23. Bxb7 Rxb7 24. Rfb1 Rc7 25. Rb8+ Kf7 26. Nc4 Nec6
27. Rb7 Rxb7 28. Nd6+ Kg6 29. Nxb7 c4 30. a5 Nc8 31. a6 N6a7 32. Rd1 h5 33.
gxh5+ Kxh5 34. Nd6 Kxh4 35. Nxc8 Nxc8 36. Rd8 Na7 37. Rd7 g5 38. Rxa7 g4 39.
Rg7 g3 40. a7 Kh3 41. a8=Q 1-0

[Event "Mittelfranken EM 2021"]
[Site "Nuernberg"]
[Date "2021.07.02"]
[Round "1.15"]
[White "Majid, Hakim"]
[Black "Riexinger, Martin"]
[Result "0-1"]
[WhiteElo "1481"]
[BlackElo "1862"]
[PlyCount "74"]
[EventDate "2021.??.??"]
[WhiteTeam "SW Nuernberg Sued"]
[BlackTeam "SW Nuernberg Sued"]

1. e4 g6 2. d4 Bg7 3. Bc4 c5 4. Nf3 Nc6 5. c3 cxd4 6. O-O dxc3 7. Nxc3 a6 8. a3
e6 9. Bg5 Qc7 10. Ba2 b5 11. Bh4 Nf6 12. Bg3 Qd8 13. Rc1 O-O 14. Bd6 Re8 15.
Re1 Bb7 16. e5 Ng4 17. h3 Nh6 18. Qd3 Nf5 19. Bb1 Nxd6 20. Qxd6 Rc8 21. Ne4 Na5
22. Nc5 Bxf3 23. gxf3 Nc4 24. Rxc4 bxc4 25. Nxa6 Rc6 26. Qb4 Rxa6 27. Qxc4 Qa5
28. Rd1 Rc6 29. Qb3 Qxe5 30. Be4 d5 31. Qb5 Rec8 32. Bd3 Qxb2 33. Qxb2 Bxb2 34.
a4 Rc1 35. Rxc1 Rxc1+ 36. Kg2 Ra1 37. Bb5 Ra2 0-1

[Event "Mittelfranken EM 2022"]
[Site "Nuernberg"]
[Date "2022.04.14"]
[Round "1.16"]
[White "Trossmann, Max"]
[Black "Rieber, Rene"]
[Result "1/2-1/2"]
[WhiteElo "1390"]
[BlackElo "1858"]
[PlyCount "29"]
[EventDate "2021.??.??"]
[WhiteTeam "SC Ansbach"]
[BlackTeam "SC Ansbach"]

1. e4 e6 2. d4 d5 3. Nc3 Bb4 4. exd5 exd5 5. Be2 Bxc3+ 6. bxc3 Ne7 7. Nf3 O-O
8. Ba3 Re8 9. O-O Bg4 10. Re1 f6 11. h3 Bh5 12. Nh2 Bxe2 13. Rxe2 Ng6 14. Rxe8+
Qxe8 15. Qf3 1/2-1/2

[Event "Mittelfranken EM 2022"]
[Site "Nuernberg"]
[Date "2022.04.14"]
[Round "1.17"]
[White "Schloetterer, Hermann"]
[Black "Frenz, Joachim"]
[Result "1-0"]
[WhiteElo "1858"]
[BlackElo "1550"]
[Annotator "maria&dimi"]
[PlyCount "79"]
[EventDate "2021.??.??"]
[WhiteTeam "Zabo-Eintr Nuernberg"]
[BlackTeam "SC Stein"]

1. d4 d5 2. g3 Nf6 3. Bg2 e6 4. Nf3 c5 5. O-O cxd4 6. Nxd4 e5 7. Nb3 Be7 {
[%csl Gc3][%cal Gb1c3]} 8. Nc3 Be6 9. Bg5 e4 10. Nd4 O-O 11. Nxe6 fxe6 12. Bh3
Qd6 13. Nb5 Qb6 14. Nd4 e5 15. Ne6 Re8 16. Bxf6 Bxf6 17. Qxd5 Kh8 18. a4 Na6
19. a5 Qb4 20. c3 Qe7 21. Ra3 Nc7 22. Nxc7 Qxc7 23. Qxe4 Rad8 24. Rb3 b6 25.
axb6 axb6 26. Ra1 Rd6 27. Bf5 h6 28. Rba3 Rb8 29. Ra7 Qd8 30. Kg2 Qf8 31. Qg4
Qg8 32. Be4 Rd2 33. Qg6 Rd6 34. Ra8 Rdd8 35. Rxb8 Rxb8 36. Ra7 b5 37. Rf7 Rb6
38. Rf8 Bd8 39. Rxg8+ Kxg8 40. Qe8# 1-0

[Event "Mittelfranken EM 2022"]
[Site "Nuernberg"]
[Date "2022.04.14"]
[Round "1.18"]
[White "Hahn, Thomas"]
[Black "Ratushny, Viktor"]
[Result "1-0"]
[WhiteElo "1853"]
[BlackElo "1250"]
[PlyCount "77"]
[EventDate "2021.??.??"]
[WhiteTeam "Zabo-Eintr Nuernberg"]
[BlackTeam "SW Nuernberg Sued"]

1. e4 e5 2. f4 d6 3. Nf3 Nc6 4. Bc4 Bg4 5. c3 Nf6 6. d3 Be7 7. Be3 d5 8. Bxd5
Nxd5 9. exd5 Qxd5 10. O-O O-O-O 11. Qa4 Bxf3 12. Rxf3 Qxd3 13. Bd4 Qg6 14. fxe5
Nxd4 15. cxd4 Qe4 16. Qxa7 Rxd4 17. Nc3 Qxe5 18. Qa8+ Kd7 19. Qxh8 Rh4 20. Rd1+
Kc6 21. Qe8+ Kb6 22. Qb5+ Qxb5 23. Nxb5 Kxb5 24. Rxf7 Bd6 25. Rxd6 cxd6 26.
Rxb7+ Kc6 27. Rxg7 h5 28. Rg5 d5 29. g3 Rb4 30. Rxh5 Rxb2 31. a4 Ra2 32. Rh4
Kc5 33. Rf4 d4 34. a5 d3 35. Rf1 Rxa5 36. Rf5+ Kb4 37. Rxa5 Kxa5 38. Kf1 Kb4
39. Ke1 1-0

[Event "Mittelfranken EM 2022"]
[Site "Nuernberg"]
[Date "2022.04.14"]
[Round "1.19"]
[White "Oeztuerk, Dilara"]
[Black "Schoene, Steffen"]
[Result "0-1"]
[WhiteElo "794"]
[BlackElo "1844"]
[PlyCount "28"]
[EventDate "2021.??.??"]
[WhiteTeam "Zabo-Eintr Nuernberg"]
[BlackTeam "Zabo-Eintr Nuernberg"]

1. e4 d6 2. d4 Nf6 3. Nc3 g6 4. f4 Bg7 5. Nf3 O-O 6. Bc4 Nxe4 7. Nxe4 d5 8.
Ned2 dxc4 9. c3 b5 10. O-O Bb7 11. Re1 c5 12. b3 cxd4 13. Nxd4 Bxd4+ 14. cxd4
Qxd4+ 0-1

[Event "Mittelfranken EM 2022"]
[Site "Nuernberg"]
[Date "2022.04.15"]
[Round "2.1"]
[White "Yelisieiev, Yevhenii"]
[Black "Hrebenshchykova, Yelyzaveta"]
[Result "1-0"]
[WhiteElo "2408"]
[BlackElo "1973"]
[Annotator "maria&dimi"]
[PlyCount "51"]
[EventDate "2021.??.??"]
[WhiteTeam "SC NT Nuernberg"]
[BlackTeam "SC NT Nuernberg"]

{[%evp 0,51,18,26,25,15,71,24,25,5,9,9,7,4,10,-8,15,7,2,1,22,7,8,-12,-18,-7,
-21,-21,-17,-1,13,14,9,3,17,17,17,-6,0,0,0,-8,35,63,63,63,250,250,250,258,246,
243,245,245]} 1. d4 Nf6 2. Nf3 g6 3. g3 Bg7 4. Bg2 d5 5. O-O O-O 6. c3 a5 7. a4
c6 8. Qb3 Nbd7 9. Bf4 Ne4 10. Nbd2 Nxd2 11. Nxd2 e5 12. dxe5 Nxe5 13. e4 dxe4
14. Nxe4 Qe7 15. Bg5 Qc7 16. Qa3 f6 17. Bf4 Be6 18. Rfe1 Rad8 19. Qc5 Bd5 20.
Bxe5 Qxe5 21. Qb6 Rde8 22. Re3 Re7 23. Nc5 Qc7 24. Qxc7 Rxc7 25. Bxd5+ cxd5 26.
Ne6 1-0

[Event "Mittelfranken EM 2022"]
[Site "Nuernberg"]
[Date "2022.04.15"]
[Round "2.2"]
[White "Zeltner, Ottmar"]
[Black "Wagner, Florian"]
[Result "1/2-1/2"]
[WhiteElo "1983"]
[BlackElo "2208"]
[PlyCount "21"]
[EventDate "2021.??.??"]
[WhiteTeam "SK Rothenburg"]
[BlackTeam "SC NT Nuernberg"]

1. e4 c5 2. Nf3 g6 3. d4 cxd4 4. Nxd4 Bg7 5. Nc3 Nc6 6. Be3 Nf6 7. Bc4 d6 8.
O-O Ng4 9. Nxc6 bxc6 10. Bd2 Ne5 11. Be2 1/2-1/2

[Event "Mittelfranken EM 2022"]
[Site "Nuernberg"]
[Date "2022.04.15"]
[Round "2.3"]
[White "Ammon, Tobias"]
[Black "Vennemann, Juergen"]
[Result "1-0"]
[WhiteElo "2196"]
[BlackElo "1897"]
[PlyCount "57"]
[EventDate "2021.??.??"]
[WhiteTeam "SV Altensittenbach"]
[BlackTeam "SC Hersbruck"]

1. e4 d6 2. d4 Nf6 3. Nc3 e5 4. dxe5 dxe5 5. Qxd8+ Kxd8 6. Bg5 Be6 7. f4 exf4
8. e5 h6 9. Bxf4 Nfd7 10. O-O-O g5 11. Bg3 Bg7 12. Nf3 Kc8 13. Re1 a6 14. h4 g4
15. Nd4 h5 16. Bd3 c5 17. Nf5 Bf8 18. Nd6+ Bxd6 19. exd6 b5 20. Be4 Ra7 21.
Rhf1 Nb6 22. Bf5 Bxf5 23. Rxf5 c4 24. Ree5 f6 25. Rxh5 Rg8 26. Rc5+ Kd8 27. Rc7
Nc8 28. Rhh7 Nd7 29. Rhxd7+ 1-0

[Event "Mittelfranken EM 2022"]
[Site "Nuernberg"]
[Date "2022.04.15"]
[Round "2.4"]
[White "Mueller, Christian"]
[Black "Willim, Michael"]
[Result "1/2-1/2"]
[WhiteElo "1948"]
[BlackElo "2106"]
[PlyCount "73"]
[EventDate "2021.??.??"]
[WhiteTeam "SW Nuernberg Sued"]
[BlackTeam "SC Erlangen"]

1. e4 c5 2. Nf3 d6 3. Bb5+ Bd7 4. Bxd7+ Nxd7 5. O-O Ngf6 6. Qe2 e6 7. d4 cxd4
8. Nxd4 Be7 9. c4 Qa5 10. f3 Rc8 11. b3 O-O 12. Bb2 a6 13. Kh1 Rfe8 14. Qd2
Qxd2 15. Nxd2 d5 16. exd5 exd5 17. Rac1 Ne5 18. Ba1 Ba3 19. Rc2 dxc4 20. Nxc4
Nxc4 21. bxc4 Nd7 22. Bb2 Bf8 23. g3 b5 24. Rfc1 b4 25. Nb3 Nc5 26. Nxc5 Bxc5
27. Rd1 a5 28. Rd5 a4 29. Bd4 Bxd4 30. Rxd4 Rc5 31. Rb2 g6 32. Kg2 Re3 33. Kf2
Rc3 34. Rxb4 Rc2+ 35. Ke3 Rxa2 36. Rd5 Rc7 37. Ra5 1/2-1/2

[Event "Mittelfranken EM 2022"]
[Site "Nuernberg"]
[Date "2022.04.15"]
[Round "2.5"]
[White "Riexinger, Martin"]
[Black "Redzepovic, Irfan"]
[Result "0-1"]
[WhiteElo "1862"]
[BlackElo "2079"]
[PlyCount "74"]
[EventDate "2021.??.??"]
[WhiteTeam "SW Nuernberg Sued"]
[BlackTeam "SW Nuernberg Sued"]

1. f4 Nf6 2. Nf3 g6 3. g3 Bg7 4. Bg2 O-O 5. O-O c5 6. d3 d5 7. Qe1 d4 8. e4
dxe3 9. Qxe3 Qc7 10. Nc3 Na6 11. Nb5 Qb6 12. a4 Nd5 13. Qe2 Nab4 14. Kh1 a6 15.
Na3 Qc7 16. Ne5 f6 17. Nec4 e6 18. Be3 Nxe3 19. Nxe3 Bd7 20. b3 Nc6 21. Nac4
Nd4 22. Qf2 Rae8 23. Nd2 f5 24. Rac1 b5 25. axb5 axb5 26. Nf3 Nc6 27. c3 Qd6
28. Qc2 e5 29. fxe5 Nxe5 30. Nxe5 Rxe5 31. Rce1 Rfe8 32. Qf2 Be6 33. d4 cxd4
34. cxd4 Qxd4 35. Bc6 Rc8 36. Nxf5 Qxf2 37. Ne7+ Kh8 0-1

[Event "Mittelfranken EM 2022"]
[Site "Nuernberg"]
[Date "2022.04.15"]
[Round "2.6"]
[White "Kocak, Ediz"]
[Black "Schloetterer, Hermann"]
[Result "1-0"]
[WhiteElo "2053"]
[BlackElo "1858"]
[PlyCount "59"]
[EventDate "2021.??.??"]
[WhiteTeam "SG Fuerth"]
[BlackTeam "Zabo-Eintr Nuernberg"]

1. e4 c5 2. Nf3 Nc6 3. d4 cxd4 4. Nxd4 Nf6 5. Nc3 e5 6. Ndb5 d6 7. a4 Be7 8.
Bg5 a6 9. Bxf6 axb5 10. Bxe7 Qxe7 11. Nxb5 O-O 12. Qxd6 Qg5 13. Qd2 Qxd2+ 14.
Kxd2 Rd8+ 15. Ke3 g6 16. Bc4 Kg7 17. c3 f5 18. f3 Na5 19. Bd5 fxe4 20. fxe4 Bd7
21. Rhf1 Bc6 22. Ba2 Rd7 23. Rad1 Rxd1 24. Rxd1 b6 25. Rd6 Rc8 26. Na7 Rc7 27.
Nxc6 Nxc6 28. Bd5 Nb8 29. Rxb6 Nd7 30. Rb7 1-0

[Event "Mittelfranken EM 2022"]
[Site "Nuernberg"]
[Date "2022.04.15"]
[Round "2.7"]
[White "Schoene, Steffen"]
[Black "Wenke, Oldrich"]
[Result "1-0"]
[WhiteElo "1844"]
[BlackElo "2048"]
[PlyCount "111"]
[EventDate "2021.??.??"]
[WhiteTeam "Zabo-Eintr Nuernberg"]
[BlackTeam "SG Buechenbach/Roth"]

1. d4 Nf6 2. f3 d5 3. e4 dxe4 4. Nc3 exf3 5. Nxf3 e6 6. Bg5 Be7 7. Bd3 h6 8.
Be3 Nbd7 9. O-O c5 10. Qe1 cxd4 11. Bxd4 Bc5 12. Rd1 Qb6 13. Bb5 O-O 14. Kh1
Bxd4 15. Rxd4 a6 16. Bd3 Nc5 17. Rh4 Nxd3 18. cxd3 Nd5 19. d4 Qxb2 20. Nxd5
exd5 21. Qg3 Qb5 22. Kg1 Qb6 23. Ne5 f5 24. Ng6 Re8 25. Ne5 g5 26. Kh1 Qd6 27.
Rh5 Rxe5 28. dxe5 Qg6 29. Rh4 Bd7 30. Rb4 Bc6 31. Qf3 Rf8 32. Rb6 Kg7 33. Rd1
Qe6 34. Qc3 Rd8 35. Qd4 Kg6 36. h3 f4 37. Kh2 h5 38. Rc1 Re8 39. Re1 Rf8 40.
Qb4 Rf5 41. Qb1 Kh6 42. Qb2 f3 43. g3 h4 44. gxh4 gxh4 45. Qf2 Rf4 46. Qe3 Kg5
47. Rb4 d4 48. Rxd4 Qxa2+ 49. Rd2 Qc4 50. e6 Kf6 51. Qe5+ Ke7 52. Qg7+ Ke8 53.
Qg8+ Rf8 54. Qg6+ Ke7 55. Qg5+ Rf6 56. Qg7+ 1-0

[Event "Mittelfranken EM 2022"]
[Site "Nuernberg"]
[Date "2022.04.15"]
[Round "2.8"]
[White "Erlbeck, Peter"]
[Black "Hahn, Thomas"]
[Result "1-0"]
[WhiteElo "2034"]
[BlackElo "1853"]
[PlyCount "39"]
[EventDate "2021.??.??"]
[WhiteTeam "SW Nuernberg Sued"]
[BlackTeam "Zabo-Eintr Nuernberg"]

1. e4 c5 2. Nc3 d6 3. f4 g6 4. Nf3 Bg7 5. Bc4 Nc6 6. O-O a6 7. d3 e6 8. Qe1
Nge7 9. a4 O-O 10. f5 exf5 11. Bg5 Qc7 12. Qh4 h5 13. Rae1 Be6 14. Nd5 Bxd5 15.
exd5 Nxd5 16. Bxd5 Bxb2 17. Bf6 Nd4 18. Re7 Nxf3+ 19. Rxf3 Bxf6 20. Qxf6 1-0

[Event "Mittelfranken EM 2022"]
[Site "Nuernberg"]
[Date "2022.04.15"]
[Round "2.9"]
[White "Friedrich, Michael"]
[Black "Albert, Markus"]
[Result "0-1"]
[WhiteElo "1684"]
[BlackElo "2007"]
[PlyCount "40"]
[EventDate "2021.??.??"]
[WhiteTeam "SC Erlangen"]
[BlackTeam "SC Ansbach"]

1. e4 e5 2. Nf3 Nf6 3. Nxe5 Nc6 4. Nxc6 dxc6 5. d3 Bc5 6. Be2 h5 7. c3 Bb6 8.
h3 Be6 9. Nd2 Qd7 10. d4 O-O-O 11. e5 Nd5 12. Bxh5 Nf4 13. Bf3 Nd3+ 14. Ke2
Nxc1+ 15. Rxc1 c5 16. Qc2 cxd4 17. Qe4 d3+ 18. Ke1 c6 19. Rd1 Rhe8 20. Bg4 f5
0-1

[Event "Mittelfranken EM 2022"]
[Site "Nuernberg"]
[Date "2022.04.15"]
[Round "2.10"]
[White "Rieber, Rene"]
[Black "Blumenthal, Benjamin"]
[Result "0-1"]
[WhiteElo "1858"]
[BlackElo "1753"]
[PlyCount "44"]
[EventDate "2021.??.??"]
[WhiteTeam "SC Ansbach"]
[BlackTeam "SC NT Nuernberg"]

1. e4 e5 2. Bc4 Nc6 3. Nf3 Bc5 4. d4 exd4 5. e5 d5 6. exd6 Qxd6 7. O-O h6 8.
Re1+ Nge7 9. Nbd2 Bf5 10. Nh4 Bh7 11. Qg4 O-O 12. Ne4 Bxe4 13. Qxe4 Rae8 14.
Bf4 Qf6 15. Be5 Nxe5 16. Qxe5 Qxe5 17. Rxe5 Bd6 18. Re4 Nc6 19. Rae1 Rxe4 20.
Rxe4 Kh8 21. Nf5 Bc5 22. Rg4 Ne5 0-1